000 00906 a2200241 4500
005 20171009072215.0
008 171009s2017 ag ||||| |||| 00| 0 spa d
020 _a9788416467976
040 _aCO-BoUCM
_bspa
_cSaul Niño
_dSaul Niño
041 1 _aspa
100 1 _aPribble, Jennifer
_987537
245 1 0 _aPartidos políticos y estado de bienestar en américa latina
_cJennifer Pribble ; traducción Soledad Marambio
260 _aBuenos Aires
_bMiño y Dávila
_c2017
300 _a259 páginas
650 7 _97900
_aPartidos políticos
650 7 _922021
_aPolítica social
650 7 _aAmérica Latina
_xCondiciones sociales
_987538
650 7 _aAmérica Latina
_xPolítica y gobierno
_987539
700 1 0 _aMarambio, Soledad
_etraductor
_987540
765 _tWelfare and party politics in Latin America
942 _cLIBRO
_2DEWEY
_a5
_e1
_h361.8
_mP945p
999 _c307554
_d307554